History Quiz

Random History or Country Quiz

Country By Year 1961-1990 Quiz Stats

 Plays Quiz Updated May 7, 2018

Challenge
Share
Tweet
Embed
Score 0/30 Timer 10:00
5 Plays Today
Hint Country % Correct
A CIA-sponsored invasion of this country at the Bay of Pigs failsCuba
97.4%
Astronauts from this country are the first people to walk on the moonUnited States
90.5%
Bob Marley, from this country, releases the album 'Exodus'Jamaica
86.3%
Shah replaced by Islamic Republic in this country following a revolutionIran
84.6%
Abba wins Eurovision on behalf of this country with the song 'Waterloo'Sweden
84%
Catastrophic nuclear accident at Chernobyl, in this present-day countryUkraine
83.6%
Camp David Accords are signed, providing a framework for peace between Egypt and this countryIsrael
81.9%
US begins Operation Commando Hunt, bombing the Ho Chi Minh trail in this country as well as in VietnamLaos
81.4%
'The Sound of Music', depicting the von Trapp family escaping to this country, is released as a filmSwitzerland
80.9%
This country invades the Falkland Islands, then loses them again in the ensuing war with the UKArgentina
80.4%
Saddam Hussein invades this country, beginning the First Gulf WarKuwait
79.2%
Violence erupts between ethnic Greek and ethnic Turkish groups in this countryCyprus
74.8%
This country wins the Cricket World Cup, beating West Indies in the finalIndia
74.8%
The ruling Gang of Four in this country are captured and the Cultural Revolution comes to an endChina
67.5%
The Aswan High Dam is completed in this countryEgypt
65.3%
Hint Country % Correct
Pablo Picasso dies in this countryFrance
63%
The Live Aid concerts are held to raise funds for relief of the famine in this countryEthiopia
63%
This country gains independence, in a process that causes political crisis in FranceAlgeria
62.8%
6 US Diplomats escape Tehran using fake passports from this countryCanada
62%
Charles Haughey and Neil Blaney are dismissed from the government of this country amidst allegations of involvement in the smuggling of arms to terroristsIreland
61.1%
The Second _____ Council, held 1962-1965, results in reforms to a major religious denominationVatican City
59.3%
This country signs agreement with China to return Macau in 1999Portugal
54.2%
The Specials release the song 'Ghost Town', which deals with economic decline in this countryUnited Kingdom
50.4%
Ladysmith Black Mambazo, a choral group from this country, win their first GrammySouth Africa
47.1%
This country rejects joining the European Economic Community in a referendumNorway
45.9%
This country gains independence from the UK and changes its name from 'Basutoland' to thisLesotho
37.6%
Biafra secedes from this country, prompting a war that lasts for more than 2 yearsNigeria
37%
'The Unbearable Lightness of Being' by Milan Kundera, originally from this modern-day country, is publishedCzechia
30.7%
Cuban troops begin withdrawing from this country.Angola
22.3%
Women in this country go on strike for a dayIceland
13.5%

You're not logged in!

Compare scores with friends on all Sporcle quizzes.
Join for Free
OR
Log In

You Might Also Like...

Show Comments

Extras

Top Quizzes Today


Score Distribution

Your Account Isn't Verified!

In order to create a playlist on Sporcle, you need to verify the email address you used during registration. Go to your Sporcle Settings to finish the process.

Report this User

Report this user for behavior that violates our Community Guidelines.

Details: